000 01409nam a2200409 i 4500
001 2738
003 KOSZ 005
005 20200520124549.0
008 200519s1986 pl f 000 0 pol d
040 _cKOSZ 005
_aKOSZ 005
_dKOSZ 005/AR
046 _k1986
080 _a58
080 _a581.4
080 _a(075.8)
100 1 _aSzweykowska, Alicja
_d(1926-2002)
_eAutor
245 1 0 _aBotanika :
_bpodręcznik dla szkół wyższych.
_nCz. 1 /
_cAlicja Szweykowska i Jerzy Szweykowski.
250 _aWydanie 7.
260 _aWarszawa :
_bPaństwowe Wydawnictwo Naukowe,
_c1986.
300 _a265, [1] strona, [16] stron tablic :
_bilustracje ;
_c24 cm.
336 _aTekst
_btxt
_2rdacontent
337 _aBez urządzenia pośredniczącego
_bn
_2rdamedia
338 _aWolumin
_bnc
_2rdacarrier
380 _aKsiążki
380 _aPublikacje dydaktyczne
380 _aPublikacje naukowe
385 _mPoziom nauczania
_aSzkoły wyższe
388 _a1901-2000
388 _a1945-1989
650 _aBotanika
650 _aMorfologia roślin
655 _aPodręczniki akademickie
658 _aBiologia
700 1 _aSzweykowski, Jerzy
_d(1925-2002)
_eAutor
710 _4pbl
_aPaństwowe Wydawnictwo Naukowe
856 _uhttp://koha.tu.koszalin.pl/cgi-bin/koha/opac-detail.pl?biblionumber=2738
_yKatalog online BPK
942 _cKS
_2UKD
999 _c2738
_d2738